01296nam a22003377a 4500003000500000005001700005008004100022010001000063011001000073035001000083040000900093082002100102100004200123245014000165250001000305260007100315300001100386490002300397590004100420590004100461590004100502590004200543650004000585650006400625830003000689901000700719942001000726949006300736999001700799952014200816CHAP20220329134907.0971013s1962 r 00010 d a27642 a28614 a32720 cCHAP a980.04bK53 196200aKidder, Frederick Elwynecomp.963169 aTheses on Pan American topics, prepared by candidates for doctoral degress in universities and colleges in the United States and Canada a4 ed. aWashington :bPan American Union, Columbus Memorial Library,c1962 a124 p. aBibliographicv; 5 aBATCH-UPDb10c20130110lUCH01h0154 aBATCH-UPDb10c20130110lUCH01h1841 aBATCH-UPDb10c20130410lUCH01h1211 aCONVERSIONb10c20130109lUCH01h131614aAmerica LatinaxBibliografia.9538614aAmerica LatinaxDiscursos, ensayos, conferencias etc.953980 aBibliographicv; 5912211 aBK cLIBRO a980.04 K53 1962bBCcCd33724000656419eCh26119i32720si c27642d27642 00102ddc4051708CaBCbBCcPA_CONSULTAd2019-12-31fLIBROl0o980.04 K53 1962p33724000656419r2019-12-31 00:00:00w2019-12-31yLIBRO